000 00279nam a22001217a 4500
082 _a158
_bCAR/H
100 _aCARNEGIE,DALE
245 _aHOW TO ENJOY YOUR LIFE AND YOUR JOB
260 _aUK
_bPOCKET BOOKS
300 _a220
650 _aPERSONALITY DEVELOPMENT
_zUK
942 _cBK
999 _c5211
_d5211